THE APPLICATIONS OF MATRIX THEORY TO ELECTRICAL ENGINEERING (Record no. 583373)

000 -LEADER
fixed length control field 00295nam a22001097a 4500
082 ## - DEWEY DECIMAL CLASSIFICATION NUMBER
Classification number 512.9434 LEW'A
100 ## - MAIN ENTRY--PERSONAL NAME
Personal name PRYCE, D. G,LEWIS, W. E
9 (RLIN) 78215
245 ## - TITLE STATEMENT
Title THE APPLICATIONS OF MATRIX THEORY TO ELECTRICAL ENGINEERING
260 ## - PUBLICATION, DISTRIBUTION, ETC.
Place of publication, distribution, etc. LONDON
Name of publisher, distributor, etc. E & F N SPOVE
Date of publication, distribution, etc. 1965
300 ## - PHYSICAL DESCRIPTION
Extent 195P
942 ## - ADDED ENTRY ELEMENTS (KOHA)
Koha item type Book
Holdings
Withdrawn status Lost status Damaged status Not for loan Permanent Location Current Location Shelving location Date acquired Total Checkouts Full call number Barcode Date last seen Price effective from Koha item type
        College of Electrical & Mechanical Engineering (CEME) College of Electrical & Mechanical Engineering (CEME) General Stacks 06/14/2017   512.9434 LEW'A CEME-8361 06/28/2021 06/28/2021 Book
© 2023 Central Library, National University of Sciences and Technology. All Rights Reserved.